Аварийно-спасательная подготовка членов экипажа самолетов ТУ-204-100, ТУ-204-300 (Запись № 11928260)

Подробности
000 -МАРКЕР
контрольное поле 01659nam0a2200301 i 4500
001 - ИДЕНТИФИКАТОР ЗАПИСИ
контрольное поле RU\NLR\BIBL_A\011202038
005 - ИДЕНТИФИКАТОР ВЕРСИИ
контрольное поле 20241114201911.0
010 ## - МЕЖДУНАРОДНЫЙ СТАНДАРТНЫЙ НОМЕР КНИГИ (ISBN)
Номер (ISBN) 9785751402402
Тираж 100
021 ## - НОМЕР ГОСУДАРСТВЕННОЙ РЕГИСТРАЦИИ
Код страны Российская Федерация
Номер 2016-62476
Номер Листа государственной регистраци 3972
035 ## - ДРУГИЕ СИСТЕМНЫЕ НОМЕРА
Идентификатор записи (NLR Aleph) 011202038
100 ## - ДАННЫЕ ОБЩЕЙ ОБРАБОТКИ
Данные общей обработки 20160829d2016 y0rusy50 ca
101 0# - ЯЗЫК РЕСУРСА
Язык текста, звукозаписи и т.д. русский
102 ## - СТРАНА ПУБЛИКАЦИИ ИЛИ ПРОИЗВОДСТВА
Страна публикации Российская Федерация
105 ## - ПОЛЕ КОДИРОВАННЫХ ДАННЫХ: ТЕКСТОВЫЕ МАТЕРИАЛЫ, МОНОГРАФИЧЕСКИЕ
Кодированные данные о монографическом текстовом документе a|||j|||000yy
200 1# - ЗАГЛАВИЕ И СВЕДЕНИЯ ОБ ОТВЕТСТВЕННОСТИ
Основное заглавие Аварийно-спасательная подготовка членов экипажа самолетов ТУ-204-100, ТУ-204-300
Сведения, относящиеся к заглавию учебное пособие
Первые сведения об ответственности М-во трансп. Рос. Федерации, Федер. гос. бюджет. образоват. учреждение высш. образования "Ульн. ин-т гражд. авиации им. гл. маршала авиации Б.П. Бугаева"
Последующие сведения об ответственности [сост.: М.Л. Соколова, И.В. Мальцев]
210 ## - ПУБЛИКАЦИЯ, РАСПРОСТРАНЕНИЕ И ДР.
Место издания, распространения и т.д. Ульяновск
Имя издателя, распространителя и т. д. УИ ГА
Дата издания, распространения и т.д. 2016
215 ## - ФИЗИЧЕСКАЯ ХАРАКТЕРИСТИКА
Специфическое обозначение материала и объем 64 с.
Другие сведения о физической характеристике ил., цв. ил.
Размеры 20
320 ## - ПРИМЕЧАНИЯ О НАЛИЧИИ В ДОКУМЕНТЕ БИБЛИОГРАФИИ / УКАЗАТЕЛЯ
Текст примечания Библиогр.: с. 64 (5 назв.)
606 ## - НАИМЕНОВАНИЕ ТЕМЫ КАК ПРЕДМЕТ
Наименование темы Самолёты
Формальный подзаголовок Учебные издания
Тематический подзаголовок Средства спасения
Системный номер авторитетной/нормативной записи 2322797
Идентификатор авторитетной/нормативной записи RU\NLR\AUTH\6601614225
686 1# - ИНДЕКСЫ ДРУГИХ КЛАССИФИКАЦИЙ
Индекс О563.5я7-1
702 #1 - ИМЯ ЛИЦА - ВТОРИЧНАЯ ОТВЕТСТВЕННОСТЬ
Код отношения Составитель
Графика поля Кириллица
Материалы, к которым относится поле rus
Начальный элемент ввода Соколова
Часть имени, кроме начального элемента ввода М. Л.
Дополнения к именам, кроме дат педагог, авиац. безопасность
Расширение инициалов личного имени Марина Львовна
Системный номер авторитетной/нормативной записи 163900
Идентификатор авторитетной/нормативной записи RU\NLR\AUTH\770163944
712 02 - НАИМЕНОВАНИЕ ОРГАНИЗАЦИИ - ВТОРИЧНАЯ ОТВЕТСТВЕННОСТЬ
Код отношения Прочие
Начальный элемент ввода Ульяновский институт гражданской авиации им. Б. П. Бугаева
Системный номер авторитетной/нормативной записи 528670
Идентификатор авторитетной/нормативной записи RU\NLR\AUTH\880432148
942 ## - ДОПОЛНИТЕЛЬНЫЕ ЭЛЕМЕНТЫ ЗАПИСИ (АБИС)
Тип экземпляра АБИС Книга
980 ## - КОЛЛЕКЦИЯ
Название коллекции НБР

Нет доступных экземпляров.